000 00378nam a2200157Ia 4500
008 230312s9999||||xx |||||||||||||| ||und||
020 _a81-203-3481-6
082 _a658.4092
_bWHI-N
100 _aWhite:B.Joseph
245 0 _aNature of Leadership
260 _bPHI
_aIndia
_c2008
300 _a200
546 _aEng.
650 _aManagement
_vNature of Leadership
942 _cBK
999 _c9249
_d9249